Statistics for Sweet Home Alabama Lyrics - Lynyrd Skynyrd

Click here to take the quiz!

General Stats

  • This quiz has been taken 2,598 times
    (165 since last reset)
  • The average score is 115 of 204

Answer Stats

Lyric% Correct
Home
100%
A
99%
Alabama
99%
Sweet
99%
I
89%
The
86%
To
85%
So
81%
You
81%
Where
76%
Are
72%
Coming
72%
Blue
71%
I'm
68%
Skies
68%
Me
61%
On
60%
Do
59%
Lord
54%
My
54%
We
53%
Keep
51%
Sin
49%
Turning
49%
Wheels
48%
Big
46%
In
46%
About
44%
And
44%
Sing
44%
They
44%
Her
42%
Man
42%
Love
40%
Don't
39%
See
39%
Him
38%
What
38%
Need
37%
Around
36%
Carry
36%
Kin
36%
Southern
36%
Young
36%
Song
35%
Your
35%
Governor
34%
Singing
34%
Southland
34%
Down
33%
Well
33%
Anyhow
32%
Heard
32%
It's
32%
Neil
32%
Not
32%
Now
32%
Ol'
32%
When
32%
Will
32%
Birmingham
31%
Songs
31%
Does
29%
Remember
29%
Tell
29%
All
28%
Put
28%
Bother
27%
Hope
27%
Miss
27%
Again
26%
Think
26%
Mr
25%
Once
25%
Truth
25%
Conscience
23%
Could
23%
Watergate
23%
Did
22%
'Bout
21%
Up
20%
Yes
20%
Boo
17%
Come
17%
Got
17%
How
17%
Feeling
16%
Get
15%
Pick
15%
Here
14%
Muscle
14%
Alabamy
13%
Much
13%
Off
13%
Shoals
13%
Or
12%
Been
11%
Has
11%
Two
11%
Swampers
10%
Known
8%
They've
7%

Score Distribution

Percentile by Number Answered

Percent of People with Each Score

Your Score History

You have not taken this quiz since the last reset